| 000 | 00512nam a2200145Ia 4500 | ||
|---|---|---|---|
| 008 | 170221s9999 xx 000 0 und d | ||
| 100 | _aNagasimha Balakrishna Kanagal | ||
| 245 | _aInnovation and product innovation in marketing strategy | ||
| 245 | _cNagasimha Balakrishna Kanagal, Indian Institute of Management, Bangalore, India. | ||
| 260 | _bJournal of Management and Marketing Research | ||
| 260 | _c2012 | ||
| 300 | _a6 : | ||
| 650 | _xBusiness | ||
| 856 | _uhttp://www.aabri.com/manuscripts/152209.pdf | ||
| 999 |
_c313387 _d313387 |
||